00317nam a2200121Ia 4500008004100000082001600041100001600057245004700073250000800120260004200128300001000170650001500180150201s2005 xx 000 0 und d a612bT2005T aTANDAN,H.C. aTEXTBOOK OF PHYSIOLOGY FOR DENTAL STUDENTS a5TH bJAYPEE MEDICAL PUBLISHERaDELHIc2005 a1-560 aPHYSIOLOGY